[Event "Neumarkt am Wallersee op 17th"]
[Site "Neumarkt am Wallersee"]
[Date "2019.08.30"]
[Round "6.1"]
[White "Gruener, David"]
[Black "Greuter, Thomas"]
[Result "1-0"]
[WhiteElo "1669"]
[BlackElo "1577"]
[PlyCount "39"]
[EventDate "2019.08.25"]
[EventType "swiss"]
[EventRounds "7"]
[EventCountry "AUT"]
[SourceTitle "EXT 2024"]
[Source "ChessBase"]
[SourceDate "2023.10.10"]
[SourceVersion "1"]
[SourceVersionDate "2023.10.10"]
[SourceQuality "1"]

1. e4 c5 2. Nf3 d6 3. c3 Nf6 4. Be2 Nxe4 5. Qa4+ Nc6 6. Qxe4 g6 7. d3 Bf5 8. Qa4 Bg7 9. Be3 Rb8 10. Nbd2 b5 11. Qc2 0-0 12. 0-0-0 b4 13. cxb4 cxb4 14. Nb3 Na5 15. Qd2 Nxb3+ 16. axb3 Qc7+ 17. Kb1 Be6 18. Rc1 Qd7 19. Nd4 Bxd4 20. Bxd4 1-0

[Event "Neumarkt am Wallersee op 17th"]
[Site "Neumarkt am Wallersee"]
[Date "2019.08.27"]
[Round "3.2"]
[White "Greuter, Thomas"]
[Black "Stronk, Klaus"]
[Result "1/2-1/2"]
[WhiteElo "1577"]
[BlackElo "1568"]
[PlyCount "64"]
[EventDate "2019.08.25"]
[EventType "swiss"]
[EventRounds "7"]
[EventCountry "AUT"]
[SourceTitle "EXT 2024"]
[Source "ChessBase"]
[SourceDate "2023.10.10"]
[SourceVersion "1"]
[SourceVersionDate "2023.10.10"]
[SourceQuality "1"]

1. d4 d5 2. c4 e6 3. e3 Nf6 4. Nc3 c5 5. Nf3 Nc6 6. cxd5 exd5 7. Be2 Bd6 8. 0-0 0-0 9. b3 a6 10. Bb2 Re8 11. Rc1 cxd4 12. Nxd4 Nxd4 13. Qxd4 Be5 14. Qd2 Be6 15. Rfd1 b5 16. Bf3 Bxc3 17. Bxc3 a5 18. Qd4 b4 19. Bb2 Re7 20. Rc5 Rd7 21. Rdc1 Rd6 22. h3 Rc8 23. Rxc8 Bxc8 24. e4 Ne8 25. exd5 Bb7 26. Re1 Nf6 27. Re5 Bxd5 28. Bxd5 Rxd5 29. Rxd5 Qxd5 30. Qb6 Ne8 31. Qb8 Qd1+ 32. Kh2 Qd6+ 1/2-1/2

[Event "Neumarkt am Wallersee op 15th"]
[Site "Neumarkt am Wallersee"]
[Date "2016.08.20"]
[Round "1"]
[White "Greuter, Thomas"]
[Black "Kratschmer, Heinz"]
[Result "0-1"]
[WhiteElo "1581"]
[BlackElo "2044"]
[PlyCount "38"]
[EventDate "2016.08.20"]
[EventType "swiss"]
[EventRounds "9"]
[EventCountry "AUT"]
[SourceTitle "CBM 174 Extra"]
[Source "ChessBase"]
[SourceDate "2016.10.10"]
[SourceVersion "1"]
[SourceVersionDate "2016.10.10"]
[SourceQuality "1"]

1. d4 d5 2. c4 Nc6 3. Nf3 Bg4 4. e3 e6 5. Nc3 Nf6 6. cxd5 exd5 7. h3 Bh5 8. Be2 Be7 9. 0-0 0-0 10. Nh2 Bxe2 11. Nxe2 Qd7 12. a3 Rfe8 13. Re1 Bd6 14. Nf3 a6 15. Bd2 Rad8 16. b4 b5 17. Rc1 Na7 18. Rc2 Nc8 19. Rc1 Nb6 0-1